"Colors of the Wind" Lyrics - Statistics

General Stats
  • This quiz has been taken 131 times
  • The average score is 27 of 35
Answer Stats
Answer % Correct
You think you own whatever {land} you {land} on.
97%
Has a life, has a spirit, has a {name}.
95%
You'll learn things you never {knew}, you never {knew}
95%
You think the only {people} who are {people}
95%
Can you {paint} with all the colors of the wind?
94%
Can you {paint} with all the colors of the wind?
94%
Can you {paint} with all the colors of the wind?
94%
Can you {paint} with all the colors of the wind?
94%
Need to {paint} with all the colors of the wind.
94%
The {earth} is just a dead thing you can claim.
92%
But I know every rock and tree and {creature}
88%
Can you sing with all the {voices} of the mountain?
87%
Can you sing with all the {voices} of the mountain?
87%
We need to sing with all the {voices} of the mountain
87%
And you'll never hear the wolf cry to the {blue} {corn} {moon},
85%
Are the people who look and {think} like you,
85%
But if you walk the footsteps of a {stranger}
85%
Have you ever heard the wolf cry to the {blue} {corn} {moon}?
85%
Have you ever heard the wolf cry to the {blue} {corn} {moon}?
85%
Or asked the grinning {bobcat} why he grinned?
85%
You can paint with all the {colors} {of} {the} {wind}.
81%
For whether we are {white} or copper-skinned
74%
The heron and the {otter} are my friends
73%
And for once, never wonder what they're {worth}.
71%
And we are all {connected} to each other
71%
Come taste the sun-sweet {berries} of the earth
70%
If you {cut} {it} {down}, then you'll never know...
69%
How high does the {sycamore} grow?
62%
All you'll {own} is earth until
61%
You can {own} the earth and still,
61%
Come roll in all the {riches} all around you
60%
Come run the hidden {pine} {trails} of the forest
57%
In a circle, in a {hoop} that never ends
54%
The {rainstorm} and the river are my brothers
46%
Or let the {eagle} tell you where he's been?
25%
No matching quizzes found
Score Distribution
Percent of People with Each Score
Percentile by Number Answered
Your Score History
You have not taken this quiz